000 01377nam a2200313 i 4500
001 19148
003 ES-MaACL
005 20250511122555.0
007 t|
008 020624s1981 sp h |||| | spa d
020 _a84-500-4662-9
080 _a091 Calderón de la Barca, Pedro.07
080 _a821.134.2-291.1"16":091.07
100 1 _aArriaga Feijoo y Rivadeneira, Manuel de.
_9162609
245 1 3 _aEl divino cazador
_b: (auto sacramental) /
_cPedro Calderón de la Barca.
250 _aEd. facs. del manuscrito autógrafo conservado en la Biblioteca Nacional de Madrid
_bcon introducción y comentario del Prof. Hans Flasche y transcripción del texto por Manuel Sánchez Mariana.
260 _aMadrid :
_bDirección General de Bellas Artes, Archivos y Bibliotecas,
_c1981.
300 _a118 p. ;
_c30 cm.
600 1 4 _aArriaga Feijoo y Rivadeneira, Manuel de.
_tEl divino cazador-
_vManuscritos-
_vFacsímiles.
_9162608
600 1 4 _aCalderón de la Barca, Pedro-
_xHomenajes
_933615
655 7 _2tgfbne
_9226495
_aFacsímiles
700 1 _aCalderón de la Barca, Pedro,
_d1600-1681
_eaut
_9239594
700 1 _aFlasche, Hans.
_951130
700 1 _aSánchez Mariana, Manuel.
_9102752
710 1 _aEspaña.
_bDirección General de Bellas Artes, Archivos y Bibliotecas.
_93705
852 _aES-MaACL
_jL-25576
942 _2udc
999 _c19148
_d19148